000 01303nam a2200373Ia 4500
001 dia_4869
003 CHAP
005 20230911133459.0
007 ta
008 220117s1987 mx abd fr 001 0 spa d
010 _a175673
040 _cCHAP
_amxchpua
050 _b.O71 1987
082 _a551.5
_bO71 1987
_220
100 1 _aOrtíz Solorio, Carlos A.
_9139468
_eautor
245 1 0 _aElementos de agrometeorología cuantitativa con aplicaciones en la República Mexicana /
_cCarlos A. Ortíz Solorio
250 _a3a edición
260 _aMéxico :
_b Universidad Autónoma Chapingo. Departamento de Suelos,
_c1987
300 _a327 páginas :
_bilustraciones, mapas, gráficas, tablas
336 _atexto
_btxt
_2rdacontent
337 _asin medio
_bn
_2rdamedia
338 _avolumen
_bnc
_2rdacarrier
503 _aD. (ej.1) \ C/e (ej.2 y 3)
504 _aBibligrafía: páginas 322-327
590 _aS589 O71 1987
650 1 3 _aAgrometeorología
_9150417
_zMéxico
650 1 3 _aMetereología y climatología
_x
_9150420
_zMéxico
650 1 3 _aAgrometeorology
_9150418
_zMexico
650 1 3 _aMeteorology and climatology
_9150419
_zMexico
901 _a551.5 O71 1987
902 _aM
905 _a5232271987 mx mni 8212223322spa16
942 _cLIBRO
_2ddc
999 _c175673
_d175673